Mining geostatistics
Na minha lista:
| Main Authors: | , |
|---|---|
| Formato: | Livro |
| Idioma: | inglês |
| Publicado em: |
The Blackburn Press
2003
|
| Edição: | 1a. ed |
| Assuntos: | |
| Tags: |
Adicionar Tag
Sem tags, seja o primeiro a adicionar uma tag!
|
MARC
| LEADER | 00000cam a2200000 a 4500 | ||
|---|---|---|---|
| 001 | UCE5641 | ||
| 003 | CL-VaPUC | ||
| 008 | 150305e20030000us |||||||||||||||||eng|d | ||
| 020 | |a 1930665911 | ||
| 082 | 0 | 4 | |a 553.0724 |b JOU |2 21 |
| 100 | 0 | |a Journel, A. G |e author |9 578307 | |
| 700 | 0 | |a Huijbregts, Ch. J |e author |9 578308 | |
| 245 | 1 | 0 | |a Mining geostatistics |
| 250 | |a 1a. ed | ||
| 300 | |a 600 p | ||
| 942 | |c BK | ||
| 945 | |d 20150305 12:52:00 |a cmena | ||
| 260 | |b The Blackburn Press |c 2003 | ||
| 650 | 7 | |a GEOESTADISTICA |2 CL-VaPUC |9 578309 | |
| 650 | 0 | |a Estadística matemática |9 260028 | |
| 650 | 0 | |a Industria minera |9 260256 | |
| 583 | |a last modification |c 20150305 12:52:00 |k Rodrigo Vera | ||
| 999 | |c 358293 |d 358291 | ||
| 952 | |0 0 |1 0 |3 erb |4 0 |6 553_072400000000000_JOU_2003 |7 0 |8 A |9 466915 |a BIBING |b BIBING |i 513854K |o 553.0724 JOU 2003 |p 513854K |r 2025-01-20 |w 2019-11-23 |y BK |z Catalogado en:20150305 |k EIQ | ||
| 952 | |0 0 |1 0 |3 erb |4 0 |6 553_072400000000000_JOU_2003 |7 0 |8 A |9 466916 |a BIBING |b BIBING |i 5138531 |o 553.0724 JOU 2003 |p 5138531 |r 2025-01-20 |w 2019-11-23 |y BK |z Catalogado en:20150305 |k EIQ | ||
| 952 | |0 0 |1 0 |3 erb |4 0 |6 553_072400000000000_JOU_2003 |7 0 |8 A |9 466917 |a BIBING |b BIBING |i 5138523 |o 553.0724 JOU 2003 |p 5138523 |r 2025-01-20 |w 2019-11-23 |y BK |z Catalogado en:20150305 |k EIQ | ||